| 000 | 00575nam a2200241 a 4500 | ||
|---|---|---|---|
| 001 | nice12345678 | ||
| 003 | IN_TiNIC | ||
| 005 | 20260116011522.0 | ||
| 008 | 050524s1932 lona grp 000 0 eng | ||
| 020 |
_a _c100 |
||
| 082 | 0 | 0 |
_a266 _bMAC1 |
| 100 | _aMaclagan, Edward | ||
| 245 | _aJesuits and the Great Mogul | ||
| 260 |
_aLondon _bBurns and Oates _c1932 |
||
| 300 | _a434p | ||
| 500 | _aincludes index and biblioraphy | ||
| 505 | 2 | _aAppendices | |
| 650 | _aMissions-India | ||
| 700 | 1 | _aMaclagan, Edward | |
| 902 | _bSRS | ||
| 942 | _cBK | ||
| 999 |
_c2241 _d2241 |
||